000 01138 a2200217 4500
001 95
005 20260407155410.0
008 260407a2005 arg spa d
003 AR-UNSa-BCEJYS
040 _aAR-UNSa-BCEJYS
_bspa
_cAR-UNSa-BCEJYS
080 _a658.15
_xAdministración financiera privada. Gestión financiera de empresas
245 1 0 _aFinanzas para directivos
020 _a978-84-481-4537-8
264 1 _aMadrid :
_bMcGraw-Hill
_c2005
300 _axii, 250 p.
_c23 cm
505 _a1. Finanazas operativas - 2. Finanzas operativas II.Previsión finaciera - 3. Caso práctico. Finaciación del crecimiento - 4. Caso practico resuelto - 5. Cálculo resuelto con excel - 6. Introducción a las finanzas estructurales - 7. Análisis de proyecto de inversión - 8. Casos de análisis de proyectos de inversión - 9. Decisiones sobre deuda y capital - 10. Valoración de empresas.Un resumen.
942 _cBK
590 _aniveau_biblio:m niveau_hierar:0
100 1 _aMartínez Abascal, Eduardo
856 4 1 _uhttps://biblioeco.unsa.edu.ar/pmb/images/libros/Finanzas para directivos2-l116702.jpg
_yImagen de portada
_qimage/jpeg
999 _c71
_d71